| 000 | 00716nam a2200217 a 4500 | ||
|---|---|---|---|
| 001 | BRCA_3805 | ||
| 005 | 20190320204431.0 | ||
| 008 | 110110s1704----sp-a######---#000-0#spa-# | ||
| 041 | _aspa | ||
| 044 | _asp | ||
| 050 | 4 |
_aF1230 _b.S65 1704 |
|
| 100 | 1 |
_aSolís, Antonio de _d1610-1686. _99916 |
|
| 245 | 1 | 0 |
_aHistoria de la conquista de México _bpoblación y progresos de la América Septentrional, conocida por el nombre de Nueva España _cAntonio de Solís. |
| 260 |
_aMadrid _bA. González de Reyes _c1704 |
||
| 300 |
_a352 p. _bil. _c30 cm. |
||
| 500 | _aIncluye índice temático: p. 353-367. | ||
| 500 | _aC79 | ||
| 651 | 4 |
_aMéxico _vHistoria _yConquista, 1519-1540 _99917 |
|
| 902 | _aGFM | ||
| 942 |
_2lcc _cB |
||
| 999 |
_c3534 _d3534 |
||